000 002970000a22000970004500
100 1 _aHorbury, William
245 1 0 _aA personal name in a Jar-inscription in hebrew characters from Alexandria?
300 _aVol. 44, Num. 1 (Enero, 1994), Páginas 103-107
773 0 _tVetus Testamentum
942 _cANA
999 _c57891
_d57891